Orange Is The New Black - Super Quiz - Statistiques

Statistiques générales
  • Ce quiz a été pris 534 fois
  • Le résultat moyen est 18 sur 58
Statistiques - réponses
Orange Is The New Black - Super Quiz % Correct
Nombre de saisons 7
91%
Plateforme de diffusion Netflix
83%
Chapman Piper
79%
Année de première diffusion 2013
77%
Vause Alex
77%
Reznikov Galina "Red"
69%
Directeur Joseph "Joe" Caputo
62%
Nom de la prison Litchfield
59%
Nichols Nicky
56%
Diaz Dayanara "Daya"
55%
Jefferson Tasha "Taystee"
55%
Washington Poussey
53%
Ruiz Maria
48%
Burset Sophia
47%
Warren Suzanne "Crazy Eyes"
47%
Doggett Tiffany "Pennsatucky"
47%
Hayes Cindy "Black Cindy"
46%
Mendoza Gloria
46%
Morello-Muccio Lorna
43%
George "Pornstache" Mendez George "Pornstache" Mendez
40%
Gonzalez Marisol "Flaca"
38%
Directrice Natalie "Fig" Figueroa
33%
Nombre total d'épisodes 91
32%
Ramos Maritza
32%
Diaz Aleida
29%
Flores Blanca
29%
Soso Brook
29%
John Bennett John Bennett
28%
Black Carrie "Big Boo"
25%
Musique du générique You've Got Time par Regina Spektor
24%
Whitehill Lolly
21%
Jones Yoga
21%
Berlin Frieda
19%
Watson Janae
17%
Romano Norma
16%
Rice Angie
15%
Desi Piscatella Desi Piscatella
15%
Parker Yvonne "Vee"
15%
Cisneros Rosa "Miss Rosa"
14%
Créatrice Jenji Kohan
13%
Joel Luschek Joel Luschek
12%
Taylor Leanne
12%
Miller Tricia "Trish"
12%
Sam Healy Sam Healy
11%
Murphy Gina
10%
État Connecticut
9%
Charlie "Donuts" Coates Charlie "Donuts" Coates
7%
Ingalls Jane
7%
Chang Mei
7%
Wanda Bell Wanda Bell
7%
DeMarco Anita
6%
Scott O'Neill Scott O'Neill
5%
Susan Fischer Susan Fischer
5%
Baxter "Gerber" Bailey Baxter "Gerber" Bailey
4%
Wade Donaldson Wade Donaldson
4%
Charles Ford Charles Ford
3%
Eliqua Maxwell Eliqua Maxwell
3%
Berdie Rogers Berdie Rogers
2%
Aucun quiz correspondant
Distribution des résultats
% des personnes avec chaque résultat
Percentile par nombre de réponses
Votre historique - résultats
Vous n’avez pas pris ce quiz